|
|
|
|
| LEADER |
00000nam0a2200000 4500 |
| 001 |
334979 |
| 005 |
20231102004716.0 |
| 035 |
|
|
|a (RuTPU)RU\TPU\book\361299
|
| 090 |
|
|
|a 334979
|
| 100 |
|
|
|a 20170911d1967 k y0rusy50 ca
|
| 101 |
0 |
|
|a rus
|
| 102 |
|
|
|a UA
|
| 105 |
|
|
|a y z 000zy
|
| 200 |
1 |
|
|a Изучение кинетики и механизма ионизации индия на дисковом вращающемся электроде
|e [оттиск]
|f Л. Ф. Козин, Е. Е. Кобранд
|
| 210 |
|
|
|a Киев
|d 1967
|
| 215 |
|
|
|a 3 с.
|
| 300 |
|
|
|a Из сб. Электрохимические процессы в гидрометаллургии (материалы конференции).- Киев, 1967.
|
| 606 |
1 |
|
|a Электрохимия
|2 stltpush
|3 (RuTPU)RU\TPU\subj\21014
|9 46066
|
| 610 |
1 |
|
|a гидрометаллургия
|
| 610 |
1 |
|
|a индий
|
| 610 |
1 |
|
|a ионизация
|
| 610 |
1 |
|
|a кинетика
|
| 610 |
1 |
|
|a вращающийся электрод
|
| 610 |
1 |
|
|a библиотека А. Г. Стромберга
|
| 675 |
|
|
|a 544.6
|v 4
|
| 700 |
|
1 |
|a Козин
|b Л. Ф.
|
| 701 |
|
1 |
|a Кобранд
|b Е. Е.
|
| 801 |
|
1 |
|a RU
|b 63413507
|c 20170911
|
| 801 |
|
2 |
|a RU
|b 63413507
|c 20171124
|g RCR
|
| 942 |
|
|
|c BK
|